Southville International School and Colleges
Your cart is empty.
  • Cart
  • Lists
    Public lists Eva Luna New books Lux_list list_1
    Your lists Log in to create your own lists
  • Log in to your account
  • Your cookies
  • Search history
Southville International School and Colleges
  • Advanced search
  • Recent comments
  • Most popular
  • Libraries

Log in to your account

Log in with GOOGLE


If you do not have an external account, but do have a local account, you can still log in:

  1. Home
  2. MARC view: Montmorency : thief, liar, gentleman? /
Normal view MARC view ISBD view

Montmorency : thief, liar, gentleman? / (Record no. 35008)

[ view plain ]
MARC details
000 -LEADER
fixed length control field 01268cam a2200349 a 4500
001 - CONTROL NUMBER
control field 13235460
003 - CONTROL NUMBER IDENTIFIER
control field OSt
005 - DATE AND TIME OF LATEST TRANSACTION
control field 20140310184519.0
008 - FIXED-LENGTH DATA ELEMENTS--GENERAL INFORMATION
fixed length control field 030612r20042003nyu c 000 1 eng
010 ## - LIBRARY OF CONGRESS CONTROL NUMBER
LC control number 2003056345
020 ## - INTERNATIONAL STANDARD BOOK NUMBER
International Standard Book Number 0439580366
040 ## - CATALOGING SOURCE
Original cataloging agency DLC
Transcribing agency DLC
Modifying agency DLC
042 ## - AUTHENTICATION CODE
Authentication code lcac
050 00 - LIBRARY OF CONGRESS CALL NUMBER
Classification number PZ 7
Item number .Up4447 2006
100 1# - MAIN ENTRY--PERSONAL NAME
Personal name Updale, Eleanor.
9 (RLIN) 29700
245 10 - TITLE STATEMENT
Title Montmorency : thief, liar, gentleman? /
Statement of responsibility, etc Eleanor Updale.
250 ## - EDITION STATEMENT
Edition statement 1st Orchard Books ed.
260 ## - PUBLICATION, DISTRIBUTION, ETC. (IMPRINT)
Place of publication, distribution, etc New York :
Name of publisher, distributor, etc Orchard Books,
Date of publication, distribution, etc 2004.
300 ## - PHYSICAL DESCRIPTION
Extent 232 p. :
Dimensions 22 cm.
521 ## - TARGET AUDIENCE NOTE
Target audience note
526 ## - STUDY PROGRAM INFORMATION NOTE
Reading level 1100
650 #1 - SUBJECT ADDED ENTRY--TOPICAL TERM
Topical term or geographic name as entry element Robbers and outlaws
Form subdivision Fiction.
9 (RLIN) 29701
650 #1 - SUBJECT ADDED ENTRY--TOPICAL TERM
Topical term or geographic name as entry element Identity
Form subdivision Fiction.
9 (RLIN) 29702
651 #1 - SUBJECT ADDED ENTRY--GEOGRAPHIC NAME
Geographic name London (England)
General subdivision History
Chronological subdivision 1800-1950
Form subdivision Fiction.
9 (RLIN) 29703
651 #1 - SUBJECT ADDED ENTRY--GEOGRAPHIC NAME
Geographic name Great Britain
General subdivision History
Chronological subdivision Victoria, 1837-1901
Form subdivision Fiction.
9 (RLIN) 29704
856 42 - ELECTRONIC LOCATION AND ACCESS
Materials specified Publisher description
Uniform Resource Identifier <a href="http://www.loc.gov/catdir/description/schol051/2003056345.html">http://www.loc.gov/catdir/description/schol051/2003056345.html</a>
856 41 - ELECTRONIC LOCATION AND ACCESS
Materials specified Table of contents
Uniform Resource Identifier <a href="http://www.loc.gov/catdir/toc/fy051/2003056345.html">http://www.loc.gov/catdir/toc/fy051/2003056345.html</a>
906 ## - LOCAL DATA ELEMENT F, LDF (RLIN)
a 7
b cbc
c orignew
d 1
e ocip
f 20
g y-gencatlg
942 ## - ADDED ENTRY ELEMENTS (KOHA)
Source of classification or shelving scheme Library of Congress Classification
Koha item type
Holdings
Withdrawn status Lost status Source of classification or shelving scheme Damaged status Home library Current library Shelving location Date acquired Total Checkouts Full call number Barcode Date last seen Date checked out Copy number Price effective from Koha item type
    Library of Congress Classification   Luxembourg Library Luxembourg Library Scholastic Reading Center Section 10/16/2013 1 PZ 7 .Up4447 2006 SCHO0059 04/18/2017 01/28/2016 1 10/16/2013 Books

Montmorency : thief, liar, gentleman? /

APA

Updale E., . (2004). Montmorency : thief, liar, gentleman?. New York: Orchard Books.

Chicago

Updale Eleanor, . 2004. Montmorency : thief, liar, gentleman?. New York: Orchard Books.

Harvard

Updale E., . (2004). Montmorency : thief, liar, gentleman?. New York: Orchard Books.

MLA

Updale Eleanor, . Montmorency : thief, liar, gentleman?. New York: Orchard Books. 2004.

  • Place hold
  • Print
  • Cite
  • Add to your cart (remove)
  • Save record
    BIBTEX Dublin Core MARCXML MARC (non-Unicode/MARC-8) MARC (Unicode/UTF-8) MARC (Unicode/UTF-8, Standard) MODS (XML) RIS
  • More searches
    Search for this title in:
    Other Libraries (WorldCat) Other Databases (Google Scholar) Online Stores (Bookfinder.com) Open Library (openlibrary.org)

Exporting to Dublin Core...

SOUTHVILLE LIBRARY

Southville International School and Colleges Library

1281 Tropical Ave. Cor. Luxembourg St., BF Homes International, Las Pinas City

Tel. No. 8256374 / 252358 Loc. 117/146

Powered by Koha